| 000 | 00796nam a22002297a 4500 | ||
|---|---|---|---|
| 999 |
_c3614 _d3614 |
||
| 003 | AR-CdUCM | ||
| 008 | 190306b ||||| |||| 00| 0 que d | ||
| 020 | _a9786124165399 | ||
| 040 |
_aMUNICIPALIDAD PROVINCIAL DEL CUSCO _cBIBLIOTECA MUNICIPAL DEL CUSCO |
||
| 082 |
_a498.323 / _bV32Q |
||
| 100 |
_aVargas Llosa, Mario _9483 |
||
| 245 |
_aQamchu ñuqachu wañusunchik : _b El desafío / |
||
| 260 |
_aCusco : _bMinisterio de Cultura, Dirección Desconcentrada de Cultura de Cusco, _c2015. |
||
| 300 |
_a91 páginas ; _c20 cm. |
||
| 650 |
_aQuechua _92063 |
||
| 650 |
_aComprensión lectora _94534 |
||
| 650 |
_aCuadernos de trabajo _93321 |
||
| 650 |
_aCuentos peruanos en quechua _911806 |
||
| 700 |
_aMaldonado, Georgina (Traductora) _911797 |
||
| 942 |
_2ddc _cLIBROS |
||
| 945 | _alccs | ||